000 00784cab a2200253 4500
001 WB2926-44
008 090401t1993 xxu||||| |||| 00| 0 eng d
035 _a(Sirsi) u67982
041 _aeng
245 _aFirmer £ trims area payments
260 _c1993
350 _a0
490 _aFarmers' Weekly
_v119(1) 2 July 1993, 25(1)
520 _aReports on the effects of the Pound`s performance on arable area payments this season. Also suggests that linseed support levels will not be sufficiently high to encourage farmers to produce the crop.
650 _aARABLE AREA PAYMENTS
650 _aCEREALS
650 _aFARM SUBSIDIES
650 _aLINSEED
650 _aOILSEED
650 _aSET-ASIDE
690 _aRURAL PRACTICE
942 _n0
948 _c04/03/1997
999 _c42609
_d42609